000 00831nam a2200241Ia 4500
003 OSt
005 20220925210713.0
006 a|||||r|||| 00| 0
007 ta
008 220923b |||||||| |||| 00| 0 eng d
037 _cGeneral Book
040 _aRTL
_cRTL
_beng
041 _2eng
_aeng
082 _aX:75.44Q7.N57<--N70t, L0/GD
110 _aPakistan, Planning (Commission), Economists(Panelof-)(1970) (Chairman Mazharul Huq)
_9272987
245 0 _aReport on the fourth five year plan,1970-75
260 _aIslamabad
_bThe Author Pakistan
_c1970
300 _a171p.
_ccm.
650 _aEconomics
700 _aPakistan, Planning (Commission), Economists(Panelof-)(1970) (Chairman Mazharul Huq)
_9272988
942 _hX:75.44Q7.N57<--N70t, L0/GD
_cGB
_2CC
999 _c555803
_d555803